| 000 | 00979nam a2200361 a 4500 | ||
|---|---|---|---|
| 003 | AR-BaBNM | ||
| 005 | 20251128204142.0 | ||
| 008 | 082120s2002 ||||||||||||||000 | spa|| | ||
| 020 | _a950-25-0116-0 | ||
| 040 | _cAR-BaBNM | ||
| 100 | 1 | _aRodríguez Lamas, Daniel | |
| 245 | 0 | 0 | _aLa revolución libertadora |
| 260 |
_aBuenos Aires _bCentro Editor de América Latina _c1985 |
||
| 300 | _a160 p. | ||
| 490 | 0 |
_aBiblioteca política Argentina _vv. 117 |
|
| 500 | _aPERON, JUAN DOMINGO | ||
| 500 | _aARAMBURU, PEDRO EUGENIO | ||
| 500 | _aLONARDI, EDUARDO | ||
| 500 | _aFRONDIZI, ARTURO | ||
| 500 | _aSIGLO VEINTE | ||
| 650 | 4 | _aHISTORIA POLITICA | |
| 650 | 4 | _aPARTIDOS POLITICOS | |
| 650 | 4 | _aLIBERALISMO | |
| 650 | 4 | _aSINDICALISMO | |
| 650 | 4 | _aMOVIMIENTO OBRERO | |
| 650 | 4 | _aFUERZAS ARMADAS | |
| 650 | 4 | _aDICTADURA | |
| 651 | 4 | _aArgentina | |
| 653 | _aREVOLUCION LIBERTADORA | ||
| 800 | 1 |
_aTroncoso, Oscar _edirector |
|
| 942 | _cBK | ||
| 998 | _cGrace | ||
| 999 |
_c6389 _d6389 |
||